Applied group-theoretic and matrix methods. (Record no. 2973)
[ view plain ]
| 000 -LEADER | |
|---|---|
| fixed length control field | 00508cam a2200181 4500 |
| 001 - CONTROL NUMBER | |
| control field | 3649 |
| 005 - DATE AND TIME OF LATEST TRANSACTION | |
| control field | 20181127171657.0 |
| 008 - FIXED-LENGTH DATA ELEMENTS--GENERAL INFORMATION | |
| fixed length control field | 721227r19641955nyua b 000 0 eng |
| 010 ## - LIBRARY OF CONGRESS CONTROL NUMBER | |
| LC control number | 64014303 |
| 100 1# - MAIN ENTRY--PERSONAL NAME | |
| Personal name | Higman, Bryan. |
| 245 10 - TITLE STATEMENT | |
| Title | Applied group-theoretic and matrix methods. |
| 260 ## - PUBLICATION, DISTRIBUTION, ETC. | |
| Place of publication, distribution, etc. | New York : |
| Name of publisher, distributor, etc. | Dover Publications, |
| Date of publication, distribution, etc. | 1964. |
| 300 ## - PHYSICAL DESCRIPTION | |
| Extent | xii, 454 p. : |
| Other physical details | ill. ; |
| Dimensions | 22 cm. |
| 504 ## - BIBLIOGRAPHY, ETC. NOTE | |
| Bibliography, etc. note | Bibliography: p. [444]-448. |
| 650 #0 - SUBJECT ADDED ENTRY--TOPICAL TERM | |
| Topical term or geographic name entry element | Group theory. |
| Topical term or geographic name entry element | Mathematical physics. |
| Topical term or geographic name entry element | Matrices. |
| Withdrawn status | Lost status | Source of classification or shelving scheme | Damaged status | Not for loan | Collection code | Home library | Current library | Shelving location | Serial Enumeration / chronology | Total Checkouts | Full call number | Barcode | Date last seen | Price effective from | Koha item type |
|---|---|---|---|---|---|---|---|---|---|---|---|---|---|---|---|
| Dewey Decimal Classification | Main TEST | RTC Library | RTC Library | Main opac | 512.9 HIG | 30005852 | 27/11/2018 | 27/11/2018 | Main |